000 00469nam a2200205Ia 4500
999 _c18714
_d18714
003 0100
005 20180924121536.0
008 130303s9999 xx 000 0 und d
040 _cARRUPELIB
050 _aBD21.M38 1994
100 _aMattei, L
_931989
245 _aIntroduction to Philosophy
260 _aNairobi
260 _bConsolata Fathers
300 _a86p.
300 _b23cm.
440 _aGuide to philosophy series ; no.1
_942506
650 _aPhilosophy
_xIntroduction
_942507
942 0 0 _01
_2lcc
_cMONOGRAPH